[Event "ECU-ch"]
[Site "Banos de Agua Santa"]
[Date "2020.03.11"]
[Round "2"]
[White "Zambrano Acebo, Jean Carlos"]
[Black "Espinoza Supe, Christian Javie"]
[Result "1-0"]
[WhiteElo "1965"]
[BlackElo "1660"]
[PlyCount "90"]
[EventDate "2020.03.10"]
[EventType "swiss"]
[EventRounds "9"]
[EventCountry "ECU"]
[SourceTitle "CBM 195 Extra"]
[Source "ChessBase"]
[SourceDate "2020.05.31"]
[SourceVersion "1"]
[SourceVersionDate "2020.05.31"]
[SourceQuality "1"]

1. e4 e6 2. d4 d5 3. Nd2 Nf6 4. e5 Nfd7 5. Bd3 c5 6. c3 Nc6 7. Ne2 cxd4 8. cxd4 f6 9. exf6 Nxf6 10. Nf3 Bd6 11. 0-0 0-0 12. Bg5 e5 13. dxe5 Nxe5 14. Nxe5 Bxe5 15. Ng3 Qb6 16. Rb1 Bd4 17. Bf5 Ne4 18. Be3 Nxg3 19. Bxd4 Qxd4 20. Bxc8 Qxd1 21. Be6+ Kh8 22. Rfxd1 Ne2+ 23. Kf1 Nf4 24. Bxd5 Nxd5 25. Rxd5 Rf7 26. Rbd1 h6 27. Rd7 Raf8 28. f3 b6 29. Ke2 Re8+ 30. Kf2 Rfe7 31. R1d2 Kh7 32. h4 Rxd7 33. Rxd7 Rc8 34. Ke3 Rc2 35. Rd2 Rc1 36. h5 Rc7 37. f4 Re7+ 38. Kf3 Rc7 39. g4 Re7 40. Rd6 Rc7 41. g5 hxg5 42. fxg5 Rc2 43. Rd7 Kg8 44. Rxa7 Rxb2 45. Kf4 Rh2 1-0

[Event "ECU-ch U20"]
[Site "Guayaquil"]
[Date "2020.02.20"]
[Round "4"]
[White "Espinoza Supe, Christian Javie"]
[Black "Vergara Loor, Steven"]
[Result "1/2-1/2"]
[WhiteElo "1616"]
[BlackElo "1578"]
[PlyCount "57"]
[EventDate "2020.02.19"]
[EventType "swiss"]
[EventRounds "9"]
[EventCountry "ECU"]
[SourceTitle "CBM 195 Extra"]
[Source "ChessBase"]
[SourceDate "2020.05.31"]
[SourceVersion "1"]
[SourceVersionDate "2020.05.31"]
[SourceQuality "1"]

1. d4 Nf6 2. Nf3 g6 3. c4 d5 4. Nc3 Bg7 5. Bf4 0-0 6. e3 c5 7. h3 Nc6 8. Be2 cxd4 9. Nxd4 Nxd4 10. exd4 Be6 11. c5 Ne4 12. 0-0 Rc8 13. Rc1 Qa5 14. a3 Rfd8 15. Be3 a6 16. Qb3 Nxc5 17. dxc5 d4 18. Qxb7 dxe3 19. fxe3 Qxc5 20. Qf3 Bh6 21. Kf2 Qb6 22. b4 Bb3 23. Rfe1 Qe6 24. b5 Qe5 25. Nb1 Bd5 26. Qg3 Qf6+ 27. Kg1 Rxc1 28. Rxc1 Qb2 29. Re1 1/2-1/2

[Event "ECU-ch U20"]
[Site "Guayaquil"]
[Date "2020.02.19"]
[Round "2"]
[White "Espinoza Supe, Christian Javie"]
[Black "Aspiazu Sibri, Marlon Steven"]
[Result "0-1"]
[WhiteElo "1616"]
[BlackElo "1982"]
[PlyCount "53"]
[EventDate "2020.02.19"]
[EventType "swiss"]
[EventRounds "9"]
[EventCountry "ECU"]
[SourceTitle "CBM 195 Extra"]
[Source "ChessBase"]
[SourceDate "2020.05.31"]
[SourceVersion "1"]
[SourceVersionDate "2020.05.31"]
[SourceQuality "1"]

1. d4 Nf6 2. Nf3 g6 3. c4 Bg7 4. Nc3 0-0 5. Bg5 h6 6. Bh4 d6 7. e3 Bf5 8. Be2 Nbd7 9. h3 Ne4 10. Nxe4 Bxe4 11. 0-0 Nf6 12. Bg3 c5 13. Rc1 Qb6 14. Qb3 Qxb3 15. axb3 Rfd8 16. Rfd1 Bc6 17. dxc5 Ne4 18. cxd6 Nxg3 19. fxg3 exd6 20. Nd4 Be4 21. Bf3 Re8 22. Kf2 a6 23. Rd2 Rac8 24. Ne2 Rc6 25. Nc3 Bxf3 26. gxf3 Rb8 27. Ne4 0-1